Normal view
MARC view
- Rehman, NC Zia ur (TE-43C)
Entry Personal Name
001 - CONTROL NUMBER
- control field: 131468
003 - CONTROL NUMBER IDENTIFIER
- control field: NUST
005 - DATE AND TIME OF LATEST TRANSACTION
- control field: 20251023125826.0
008 - FIXED-LENGTH DATA ELEMENTS
- fixed length control field: 251023|| aca||aabn | a|a d
040 ## - CATALOGING SOURCE
- Original cataloging agency: NUST
- Transcribing agency: NUST
100 ## - HEADING--PERSONAL NAME
- Personal name: Rehman, NC Zia ur (TE-43C)
670 ## - SOURCE DATA FOUND
- Source citation: Work cat.: (NUST)188353: Rehman, NC Zia ur (TE-43C), Speech Recognition system for controlling Electric Appliances /, July 2010
